000
00312nam a2200145Ia 4500
008
230605s2000 xx 000 0 und d
041
_a
eng
245
_a
Strategic Management
260
_b
Zerox Copy
_c
2000
300
_a
41
365
_b
36.96
500
_a
260
520
_a
General
650
_a
STRATEGIC
999
_c
418235
_d
418235